Score 0/22 Timer 02:00
0 Plays Today
Movie Title Missing Word % Correct
The Good, the Bad, and the ____Ugly
95.8%
____ Cassidy and the Sundance KidButch
89.9%
No ____ for Old MenCountry
88.6%
____ with WolvesDances
87.1%
Blazing ____Saddles
85.3%
Brokeback ___Mountain
80.7%
For a Few Dollars ____More
79.5%
3:10 to ____Yuma
78%
True ____Grit
76.7%
The Magnificent ____Seven
75.8%
The Mask of ____Zorro
73.8%
Movie Title Missing Word % Correct
High ____Noon
73%
A Fistful of ____Dollars
72.4%
The Man Who ____ Liberty ValanceShot
64%
Once Upon a Time in the ____West
60.9%
The Outlaw Josey ____Wales
57%
____ BravoRio
50.1%
My Darling ____Clementine
47.8%
The Assassination of Jesse James by the ____ Robert FordCoward
41.6%
The ____ of the Sierra MadreTreasure
40.9%
The ____ BunchWild
39.1%
Duck, You ____!Sucker
12.4%

Today's Daily Dose

Remove Ads.
Support Sporcle.
Get the best of Sporcle when you Go Orange. This ad-free experience offers more features, more stats, and more fun while also helping to support Sporcle. Thank you for becoming a member.

You're not logged in!

Compare scores with friends on all Sporcle quizzes.
OR
Log In

Show Comments

Extras

Top Quizzes Today


Score Distribution

Your Account Isn't Verified!

In order to create a playlist on Sporcle, you need to verify the email address you used during registration. Go to your Sporcle Settings to finish the process.

Report this User

Report this user for behavior that violates our Community Guidelines.

Details: